1101 1967 1656 1722 1723 1669 1898 1121 1147 1952 1681 1100 1315 1043 1478 1555 1299 1807 1745 1733 1902 1955 1258 1952 1068 1019 1299 1797 1824 1275 1508 1881 1352 1763 1215 1564 1897 1916 1596 1560 1771 1414 1700 1685 1050 1825 1791 1366 1392 1239 1623 1724 1322 1674 1507 1582 1814 1348 1207 1036 1995 1815 1565 1928 1309 1564 1970 1452 1928 1209 1359 1713 1788 1685 1095 1251 1582 1875 1248 1104 1970 1490 1958 1231 1067 1320 1232 1599 1094 1015 1005 1279 1333 1736 1958 1139 1509 1866 1571 BCNSPRNW ULIB Ver.6.0+V

เปลี่ยนเป็นภาษาไทย

Change to English
 แสดงรายละเอียดบรรณานุกรม
  กลับหน้าหลัก

Brief Record : Get Marc (ISO 2709) : E-mail record : QR code < ปิดหน้าต่าง
LEADER : 00000nam 2200000uu 4500
001    13399120986
003     ULIB
008    121029s2552||||th 000 0 tha d
020    ^a9786117070198 (ล.1)
050  4 ^aH62^bส786ว ล.1 2552
100 0  ^aสุธีระ ประเสริฐสรรพ์
245 10 ^aวิจัยใน--ความคิด 1 /^cสุธีระ ประเสริฐสรรพ์
246 30 ^aวิจัยใน...ความคิด 1
250    ^aพิมพ์ครั้งที่ 1
260    ^aกรุงเทพฯ :^bสำนักงานกองทุนสนับสนุนการวิจัย (สกว.),^c2552
300    ^a5 เล่ม :^bภาพประกอบ ;^c24 ซม.
650  7 ^aการวิจัย
650  7 ^aการศึกษา
650  7 ^aการเรียนรู้
710 2  ^aสำนักงานกองทุนสนับสนุนการวิจัย
740 0  ^aวิจัยใน...ความคิด : เล่มที่ 1
740 0  ^aหลักคิด...การวิจัย : เล่มที่ 2
740 0  ^aวิจัย...เรื่องใกล้ตัว : เล่มที่ 3
740 0  ^aเรียนรู้คู่วิจัย : เล่มที่ 4
740 0  ^aวิจัยใน...จินตนาการ : เล่มที่ 5
945    ^p0^l0^i15911
995    ^aกัณชพร
999    ^aกัณชพร
รายการนี้ยังไม่มีแท็ก
คุณยังไม่ได้ล็อกอิน คุณสามารถมีกิจกรรมร่วมกับเว็บไซต์ได้ แต่ต้องล็อกอินก่อน ::
  ล็อกอิน

รายการสื่อสารสนเทศ

ลำดับที่ ประเภท เลขเรียก/บาร์โค้ด สถานที่ สถานะ
1. วิทยาศาสตร์การแพทย์ และสุขภาพ
วิทยาศาสตร์การแพทย์ และสุขภาพ
H62 ส786ว ล.1 2552  
  Barcode: 15911
ห้องสมุดวิทยาเขตสวรรค์ประชารักษ์
►หนังสือทั่วไป
บนชั้น

รายการใกล้เคียง
    ผู้แต่ง [สุธีระ ประเสริฐสรรพ์]

    หัวเรื่อง [การวิจัย]
    หัวเรื่อง [การศึกษา]
    หัวเรื่อง [การเรียนรู้]

BibComment


ยังไม่เคยถูกคอมเมนท์

คอมเมนท์ทรัพยากรรายการนี้
  คอมเมนท์: วิจัยในความคิด 1..


 Copyright 2026. Bcnsprnw @Library